| 000 | 01032nac a22002777a 4500 | ||
|---|---|---|---|
| 001 | BR8405385 | ||
| 003 | BR-BrBNA | ||
| 005 | 20240105120215.0 | ||
| 008 | 230509b bl.|||m| |||| 00| 0 por d | ||
| 040 |
_aBR-BrBNA _bpor _cBiblioteca Nacional de Agricultura |
||
| 072 | _aA50 | ||
| 090 | _aA50 BR8405385 | ||
| 100 | 1 | _aMartin, N.B. | |
| 110 | 1 |
_aCoordenadoria de Pesquisa Agropecuaria, Sao Paulo, SP (Brasil) _92987 |
|
| 245 | 1 | _aContribuicao da pesquisa agropecuaria: atuacao da CPA em 1983 [Coordenadoria de Pesquisa Agropecuaria, Sao Paulo] | |
| 260 | 3 |
_aSao Paulo, SP (Brasil): _c1984. |
|
| 300 | _a50 p. | ||
| 490 |
_aComunicacao da Pesquisa Agropecuaria - Secretaria de Agricultura e Abastecimento do Estado de Sao Paulo. Coordenadoria da Pesquisa Agropecuaria (Brazil) _vv. 2(3) _x |
||
| 500 | _a10 tables | ||
| 650 | _aPESQUISA AGRICOLA | ||
| 650 | _aPESQUISA PECUARIA | ||
| 650 | _aINSTITUICAO DE PESQUISA | ||
| 650 | _aSAO PAULO | ||
| 909 |
_a202312 _bLúcia Elande _c55 _dLúcia Elande |
||
| 942 |
_2AGRIS _n0 _cMS |
||
| 999 |
_c278348 _d278348 |
||